000 00967nam a22002297a 4500
005 20240530110336.0
008 141019s2012 ua j gr 000 0 ara d
017 _a9493/2011
_bمصر . دار الكتب
020 _a9789773288666
040 _aEG-CaGPL
082 0 4 _221
_a371.9
_bر ج
100 0 _aرضاعبدالبديع السيد
245 1 2 _aالجودة فى التعليم لذوى الاحتياجات الخاصة :
_bفى ضوء بعض تجارب العربية والدولية /
_cرضاعبدالبديع السيد
260 _aالاسكندرية :
_bدار الجامعة الجديدة ،
_c2012
300 _a382 ص :
_bجداول ؛
_c24 سم
650 0 4 _aالمعوقون
_xتعليم
650 0 4 _aالمعوقون
_xتعليم
_zدول الخليج
650 0 4 _aالمعوقون
_xتعليم
_zمصر
650 0 4 _aالمعوقون
_xتعليم
_zالسويد
942 _2ddc
_cBK
999 _c59795
_d59795